Eliminación por categoría - Palabras #2 - Estadísticas

Estadísticas generales
  • Esta prueba ha sido intentada 5.659 veces
    5.416 desde el último reinicio
  • La puntuación promedio es 11 de 20
Estadísticas de respuestas
Group # Category % Correcto
Verde 309 Una palabra que empieza con "anti-"
99%
Naranja 500 Una de las 500 palabras más comunes (incluyendo conjugaciones)
85%
Verde 62 ... con la "C" como próxima letra
84%
Azul 492 Una palabra que empieza con Q
84%
Azul 34 ... de 5 letras
83%
Morado 52 Una conjugación del verbo ir
80%
Naranja 409 ... con más de 3 letras
75%
Azul 13 ... que contiene la letra A
67%
Azul 11 ... que es una palabra llana/grave
62%
Verde 29 ... que es un sustantivo
61%
Azul 1 … y que contiene la letra J Queja
58%
Naranja 272 ... pero que no está entre las 200 más comunes
50%
Morado 20 ... en el subjuntivo
50%
Morado 5 ... con la letra Y
34%
Morado 3 ... conjugada en plural
33%
Verde 5 … que acaba con "-ismo"
29%
Verde 1 ... y que se desarrolló globalmente en 1917 en referencia a Rusia Anticomunismo
25%
Morado 1 ... y usada principalmente en España Vayáis
23%
Naranja 49 ... con una tilde
14%
Naranja 1 ... y que es sinónimo de complicado. Difícil
12%
No se encontraron pruebas coincidentes
Distribución de puntuación
Porcentaje de gente con cada puntuación
Porcentaje por número respondido
Historial de tus puntuaciones
No has intentado esta prueba desde el último reinicio